| 000 | 00820nam a2200253 i 4500 | ||
|---|---|---|---|
| 001 | 000024783 | ||
| 003 | DO-SdBNP | ||
| 005 | 20240911152806.0 | ||
| 007 | ta | ||
| 008 | 110204s2008 dr ac 000 0 spa d | ||
| 020 | _a9789945854060 | ||
| 040 |
_aDO-SdBNP _bspa _cBNPHU _erda |
||
| 082 | 4 | _222 | |
| 100 | 1 |
_aOctavio Rosario, Oscar, _950863 _eautor _4aut. |
|
| 245 | 1 | 0 |
_aCrónicas dominicanas / _cOscar Octavio Rosario ; ilustraciones, Víctor Francisco Aquino |
| 264 |
_aSanto Domingo : _bEditora La Campana, _c2008. |
||
| 300 |
_a73 páginas : _bilustraciones ; _c22 cm. |
||
| 336 |
_atexto _btxt _2rdacontent |
||
| 337 |
_asin mediación _bn _2rdamedia |
||
| 338 |
_avolumen _bnc _2rdacarrier |
||
| 590 | _aInventariado, 2024/BT | ||
| 700 |
_aAquino, Víctor Francisco, _eilustrador _4il. _986556 |
||
| 942 |
_2ddc _cLBS1 |
||
| 999 |
_c24276 _d24276 |
||